[Event "Noisiel op 5th"]
[Site "Noisiel"]
[Date "2020.02.19"]
[Round "7"]
[White "Azymah, Remy"]
[Black "Yuan, Beline"]
[Result "1-0"]
[WhiteElo "1932"]
[BlackElo "1923"]
[PlyCount "69"]
[EventDate "2020.02.15"]
[EventType "swiss"]
[EventRounds "9"]
[EventCountry "FRA"]
[SourceTitle "CBM 195 Extra"]
[Source "ChessBase"]
[SourceDate "2020.05.31"]
[SourceVersion "1"]
[SourceVersionDate "2020.05.31"]
[SourceQuality "1"]

1. e4 e6 2. d4 d5 3. Nc3 Bb4 4. e5 c5 5. a3 Bxc3+ 6. bxc3 Ne7 7. Qg4 Qc7 8. Bd3 cxd4 9. Qxg7 Rg8 10. Qf6 Nd7 11. Bb5 Qxc3+ 12. Ke2 Qxa1 13. Nf3 Qc3 14. Bd2 Qxc2 15. Rc1 Qg6 16. Nxd4 a6 17. Bb4 Qxf6 18. exf6 Ng6 19. h4 Nxh4 20. Bd6 Rg4 21. f4 Rxg2+ 22. Kd3 Rb2 23. Rg1 Ng6 24. f5 exf5 25. Ba4 Kd8 26. Rxg6 hxg6 27. Ne6+ fxe6 28. f7 Nf8 29. Bxf8 Bd7 30. Bd6 Rb3+ 31. Ke2 Bxa4 32. f8Q+ Kd7 33. Qe7+ Kc6 34. Qc7+ Kb5 35. Qc5# 1-0

[Event "Noisiel op 5th"]
[Site "Noisiel"]
[Date "2020.02.19"]
[Round "8"]
[White "Yuan, Beline"]
[Black "Bouton, Christophe"]
[Result "1-0"]
[WhiteElo "1923"]
[BlackElo "2001"]
[PlyCount "85"]
[EventDate "2020.02.15"]
[EventType "swiss"]
[EventRounds "9"]
[EventCountry "FRA"]
[SourceTitle "CBM 195 Extra"]
[Source "ChessBase"]
[SourceDate "2020.05.31"]
[SourceVersion "1"]
[SourceVersionDate "2020.05.31"]
[SourceQuality "1"]

1. d4 e6 2. c4 f5 3. Nf3 Nf6 4. g3 d5 5. Qc2 c6 6. Bg2 Bd6 7. 0-0 0-0 8. b3 Qe7 9. Nc3 Nbd7 10. e3 Ne4 11. c5 Bc7 12. b4 Ndf6 13. Ne2 Bd7 14. Ne5 Ng5 15. Nxd7 Qxd7 16. Bd2 Nf7 17. Rab1 b5 18. cxb6 Bxb6 19. Rfc1 Rfc8 20. a4 Nd6 21. a5 Bd8 22. Nf4 Nc4 23. Qa2 Nxd2 24. Qxd2 Be7 25. Nd3 Bd6 26. Rb2 Rab8 27. Qc2 Qe7 28. Qa4 h6 29. Rxc6 Rxc6 30. Qxc6 Rb7 31. Nc5 Rc7 32. Qa4 e5 33. Qd1 f4 34. dxe5 Bxe5 35. Bxd5+ Kh8 36. Rb3 fxg3 37. hxg3 Bd6 38. Ne6 Rc1 39. Qxc1 Nxd5 40. Qc8+ Kh7 41. b5 Qf6 42. Nd4 Be5 43. Qf5+ 1-0

[Event "Noisiel op 5th"]
[Site "Noisiel"]
[Date "2020.02.16"]
[Round "2"]
[White "Yuan, Beline"]
[Black "Gherghinoiu, Lucas"]
[Result "0-1"]
[WhiteElo "1923"]
[BlackElo "2120"]
[PlyCount "122"]
[EventDate "2020.02.15"]
[EventType "swiss"]
[EventRounds "9"]
[EventCountry "FRA"]
[SourceTitle "CBM 195 Extra"]
[Source "ChessBase"]
[SourceDate "2020.05.31"]
[SourceVersion "1"]
[SourceVersionDate "2020.05.31"]
[SourceQuality "1"]

1. d4 d5 2. c4 e6 3. Nc3 Nf6 4. Bg5 Be7 5. e3 0-0 6. Nf3 h6 7. Bh4 b6 8. cxd5 Nxd5 9. Bxe7 Qxe7 10. Nxd5 exd5 11. Be2 Be6 12. 0-0 Nd7 13. Rc1 c5 14. b3 Rac8 15. Qd2 f5 16. Ba6 Rc7 17. dxc5 bxc5 18. Nd4 Nf6 19. Qa5 Rf7 20. Nxe6 Qxe6 21. Rfd1 Qb6 22. Qa3 Rfd7 23. Bd3 g6 24. Qa4 Kg7 25. Rc2 Rd6 26. Be2 Rc8 27. Qf4 Re8 28. Bf3 d4 29. Rcd2 Rde6 30. Rd3 dxe3 31. fxe3 c4 32. Qxc4 Rxe3 33. Kf1 Rxd3 34. Qxd3 Qe6 35. Qd6 Qe3 36. Qd4 g5 37. h3 Kg6 38. Qxe3 Rxe3 39. Rc1 Re7 40. Rc6 Kg7 41. Rc5 g4 42. hxg4 fxg4 43. Bc6 h5 44. b4 h4 45. Rc4 Kg6 46. Kf2 Kg5 47. Rc5+ Kf4 48. Rc4+ Kg5 49. Rc5+ Kf4 50. Rc4+ Ne4+ 51. Rxe4+ Rxe4 52. Bxe4 Kxe4 53. a4 Kd4 54. b5 Kc5 55. Ke3 Kb4 56. Kf4 h3 57. gxh3 gxh3 58. Kg3 Kxa4 59. Kxh3 Kxb5 60. Kg4 a5 61. Kf3 a4 0-1

[Event "FRA-ch U16 Girls"]
[Site "Hyeres"]
[Date "2019.04.15"]
[Round "2"]
[White "Yuan, Beline"]
[Black "Aubert, Elea"]
[Result "1-0"]
[WhiteElo "1977"]
[BlackElo "1585"]
[PlyCount "71"]
[EventDate "2019.04.14"]
[EventType "swiss"]
[EventRounds "9"]
[EventCountry "FRA"]
[SourceTitle "CBM 190 Extra"]
[Source "ChessBase"]
[SourceDate "2019.07.15"]
[SourceVersion "1"]
[SourceVersionDate "2019.07.15"]
[SourceQuality "1"]

1. d4 d5 2. c4 e6 3. Nc3 Nf6 4. Bg5 Be7 5. e3 h6 6. Bh4 b6 7. Nf3 Bb7 8. Rc1 0-0 9. Bd3 Nbd7 10. 0-0 Rc8 11. Qe2 c5 12. Rfd1 Qe8 13. cxd5 Nxd5 14. Bg3 N7f6 15. Nb5 cxd4 16. Nd6 Bxd6 17. Bxd6 Ne7 18. Bb5 Qd8 19. Rxc8 Bxc8 20. Ba3 Qc7 21. Rxd4 Nf5 22. Rc4 Qb8 23. Bxf8 Kxf8 24. Qd2 Bb7 25. Bc6 Qc7 26. Qb4+ Kg8 27. Bxb7 Qxb7 28. Qc3 Nd6 29. Rd4 Nfe4 30. Qc2 f5 31. Ne5 Qa6 32. f3 Qa5 33. Nd3 Nc5 34. b4 Qb5 35. bxc5 Nc4 36. Rxc4 1-0

[Event "FRA-ch U16 Girls"]
[Site "Hyeres"]
[Date "2019.04.14"]
[Round "1"]
[White "Menuet, Anais"]
[Black "Yuan, Beline"]
[Result "0-1"]
[WhiteElo "1309"]
[BlackElo "1977"]
[PlyCount "44"]
[EventDate "2019.04.14"]
[EventType "swiss"]
[EventRounds "9"]
[EventCountry "FRA"]
[SourceTitle "CBM 190 Extra"]
[Source "ChessBase"]
[SourceDate "2019.07.15"]
[SourceVersion "1"]
[SourceVersionDate "2019.07.15"]
[SourceQuality "1"]

1. e4 e6 2. d4 d5 3. exd5 exd5 4. Nf3 Nc6 5. Nc3 Bg4 6. Be2 Bb4 7. Qd3 Nge7 8. Bf4 Bd6 9. Be3 Qd7 10. Qd2 f6 11. 0-0 0-0-0 12. a3 g5 13. Na2 Ng6 14. b4 Nf4 15. Bd1 Nxg2 16. Kxg2 Bh3+ 17. Kh1 Bxf1 18. Be2 Bxe2 19. Qxe2 Qh3 20. Qd1 g4 21. Qg1 gxf3 22. Nc3 Rhg8 0-1

[Event "FRA-ch U14"]
[Site "Agen"]
[Date "2018.04.20"]
[Round "7"]
[White "Sumarriva Paulin, Laura"]
[Black "Yuan, Beline"]
[Result "1-0"]
[WhiteElo "1665"]
[BlackElo "2035"]
[PlyCount "73"]
[EventDate "2018.04.15"]
[EventType "swiss"]
[EventRounds "9"]
[EventCountry "FRA"]
[SourceTitle "EXT 2019"]
[Source "ChessBase"]
[SourceDate "2018.10.10"]
[SourceVersion "1"]
[SourceVersionDate "2018.10.10"]
[SourceQuality "1"]

1. d4 Nf6 2. c4 g6 3. Nc3 Bg7 4. Bg5 d6 5. h3 0-0 6. Nf3 Nbd7 7. e3 e5 8. Be2 h6 9. Bh4 Re8 10. 0-0 g5 11. Bg3 e4 12. Nd2 Nb6 13. Qc2 Bf5 14. a4 Nc8 15. b4 Ne7 16. Qb3 Qd7 17. c5 h5 18. cxd6 Nc6 19. dxc7 h4 20. Bh2 g4 21. hxg4 Bxg4 22. Bc4 Bh5 23. Nd5 Ng4 24. Bf4 Nf6 25. Nxf6+ Bxf6 26. Bd5 Qf5 27. Bxc6 bxc6 28. Qc4 Rac8 29. Qxc6 Bxd4 30. Rac1 Bf6 31. Qb7 Be5 32. Rc5 f6 33. Bxe5 fxe5 34. Nxe4 Qg6 35. Rxe5 Rxe5 36. Qxc8+ Re8 37. Qxe8+ 1-0

[Event "FRA-ch U14 Girls"]
[Site "Belfort"]
[Date "2017.04.23"]
[Round "9.3"]
[White "Djidjeli, Sarah"]
[Black "Yuan, Beline"]
[Result "0-1"]
[WhiteElo "1934"]
[BlackElo "1845"]
[PlyCount "112"]
[EventDate "2017.04.16"]
[EventType "swiss"]
[EventRounds "9"]
[EventCountry "FRA"]
[SourceTitle "EXT 2019"]
[Source "ChessBase"]
[SourceDate "2018.10.10"]
[SourceVersion "1"]
[SourceVersionDate "2018.10.10"]
[SourceQuality "1"]

1. e4 e6 2. d4 d5 3. Nc3 Bb4 4. Bd3 dxe4 5. Bxe4 Nf6 6. Bf3 c5 7. Nge2 0-0 8. 0-0 Nc6 9. Be3 cxd4 10. Nxd4 Bxc3 11. bxc3 Ne7 12. Nb5 Qa5 13. c4 Rd8 14. Qe2 a6 15. Nd4 e5 16. Nb3 Qc7 17. Bg5 Ne8 18. Bd5 Nf6 19. Bxf6 gxf6 20. Rad1 Ng6 21. Qf3 f5 22. Qh5 Be6 23. Bxe6 fxe6 24. Qe2 Kh8 25. Kh1 Rg8 26. Rde1 Rac8 27. c5 Qc6 28. Rg1 Rg7 29. Qf3 Qxf3 30. gxf3 Rd7 31. Re3 Rcd8 32. Rb1 Nh4 33. Rxe5 Rd1+ 34. Re1 Rxb1 35. Rxb1 Rd5 36. f4 Kg8 37. c4 Rd3 38. Na5 Rc3 39. Kg1 Rc2 40. h3 Nf3+ 41. Kg2 Nd2 42. Nxb7 Nxb1 43. Nd6 Nd2 44. c6 Nxc4 45. Ne8 Nb6 46. c7 Nc8 47. Nf6+ Kg7 48. Nd7 Rxc7 49. Ne5 Rc2 50. a3 Nd6 51. Nd3 Rc3 52. Nb4 Rxa3 53. Nc2 Rc3 54. Nd4 Kf6 55. Ne2 Rc4 56. Ng3 Ne4 0-1

[Event "Rouen op 9th"]
[Site "Rouen"]
[Date "2016.12.18"]
[Round "2"]
[White "Yuan, Beline"]
[Black "Ferreira, Loic"]
[Result "1-0"]
[WhiteElo "1800"]
[BlackElo "1441"]
[PlyCount "41"]
[EventDate "2016.12.17"]
[EventType "swiss"]
[EventRounds "7"]
[EventCountry "FRA"]
[SourceTitle "CBM 176 Extra"]
[Source "ChessBase"]
[SourceDate "2017.03.02"]
[SourceVersion "1"]
[SourceVersionDate "2017.03.02"]
[SourceQuality "1"]

1. d4 d5 2. c4 e6 3. Nc3 Nf6 4. Bg5 Nbd7 5. Nf3 Be7 6. e3 0-0 7. Bd3 Re8 8. 0-0 c5 9. Qe2 cxd4 10. exd4 dxc4 11. Bxc4 Nb6 12. Bd3 Nfd5 13. Bxe7 Qxe7 14. Qe4 Nf6 15. Qh4 g6 16. Ne5 Nh5 17. Qe4 Nf6 18. Qe2 Nbd5 19. Bc4 Bd7 20. Nxd7 Nxc3 21. Nxf6+ 1-0

[Event "FRA-ch U12 Girls"]
[Site "Gonfreville"]
[Date "2016.??.??"]
[Round "6"]
[White "Ginovart, Camille"]
[Black "Yuan, Beline"]
[Result "0-1"]
[WhiteElo "1501"]
[BlackElo "1787"]
[PlyCount "86"]
[EventDate "2016.04.22"]
[EventType "swiss"]
[EventRounds "9"]
[EventCountry "FRA"]
[SourceTitle "EXT 2019"]
[Source "ChessBase"]
[SourceDate "2018.10.10"]
[SourceVersion "1"]
[SourceVersionDate "2018.10.10"]
[SourceQuality "1"]

1. e4 e6 2. d4 d5 3. Nd2 Nf6 4. e5 Nfd7 5. Bd3 c5 6. c3 Nc6 7. Ne2 cxd4 8. cxd4 f6 9. Nf4 Nxd4 10. Qh5+ Ke7 11. Ng6+ hxg6 12. exf6+ Nxf6 13. Qxh8 Kf7 14. 0-0 e5 15. Nb3 Nxb3 16. axb3 Bf5 17. Rd1 Qc7 18. Bxf5 gxf5 19. Qh3 g6 20. Qc3 Bd6 21. Bg5 d4 22. Qc4+ Qxc4 23. bxc4 b6 24. f4 e4 25. Bxf6 Kxf6 26. Kf2 a5 27. Ke2 Bc5 28. Rd2 Rd8 29. Rad1 d3+ 30. Kf1 Be3 31. Ke1 Bxf4 32. Rf2 Bxh2 33. Rfd2 Bg3+ 34. Kf1 Bf4 35. Rf2 Be3 36. g3 Bxf2 37. Kxf2 g5 38. Ke3 Ke5 39. Rf1 d2 40. Rd1 f4+ 41. gxf4+ gxf4+ 42. Ke2 f3+ 43. Ke3 Rd3+ 0-1

[Event "FRA-ch U12 Girls"]
[Site "Gonfreville"]
[Date "2016.??.??"]
[Round "3"]
[White "Yuan, Beline"]
[Black "Sumarriva Paulin, Laura"]
[Result "1-0"]
[WhiteElo "1787"]
[BlackElo "1383"]
[PlyCount "93"]
[EventDate "2016.04.22"]
[EventType "swiss"]
[EventRounds "9"]
[EventCountry "FRA"]
[SourceTitle "EXT 2019"]
[Source "ChessBase"]
[SourceDate "2018.10.10"]
[SourceVersion "1"]
[SourceVersionDate "2018.10.10"]
[SourceQuality "1"]

1. d4 d5 2. c4 dxc4 3. Nf3 Nf6 4. e3 e6 5. Bxc4 c5 6. Nc3 a6 7. a4 Nc6 8. 0-0 Be7 9. Qe2 0-0 10. Rd1 Qc7 11. h3 b6 12. e4 cxd4 13. Nxd4 Nxd4 14. Rxd4 Bc5 15. Rd1 Bb7 16. Bg5 Nd7 17. Bb3 Rfc8 18. Rac1 Nf8 19. Kh1 Ng6 20. Be3 Nf4 21. Qf3 Bxe3 22. Qxe3 Ng6 23. Rd2 Qf4 24. Qxf4 Nxf4 25. Rcd1 h6 26. Kh2 Rc7 27. g3 Ng6 28. f4 Rac8 29. Rd6 Bc6 30. f5 exf5 31. Rxg6 fxe4 32. Rg4 Re8 33. Re1 Rce7 34. Rf4 e3 35. Nd1 e2 36. Nc3 b5 37. axb5 axb5 38. Bc2 g5 39. Rf6 Bb7 40. Bd3 b4 41. Na2 Kg7 42. Rf2 h5 43. Rfxe2 Rxe2+ 44. Rxe2 Rb8 45. Re5 f6 46. Rb5 Kf7 47. Be4 1-0

[Event "EU-ch U10 Girls 23rd"]
[Site "Budva"]
[Date "2013.10.08"]
[Round "9"]
[White "Afanasieva, Alexandra"]
[Black "Yuan, Beline"]
[Result "1-0"]
[WhiteElo "1704"]
[BlackElo "1400"]
[PlyCount "98"]
[EventDate "2013.09.29"]
[EventType "swiss"]
[EventRounds "9"]
[EventCountry "MNE"]
[SourceTitle "EXT 2014"]
[Source "ChessBase"]
[SourceDate "2013.11.20"]
[SourceVersion "1"]
[SourceVersionDate "2013.11.20"]
[SourceQuality "1"]

1. e4 e6 2. d4 d5 3. Nd2 c5 4. exd5 Qxd5 5. Ngf3 cxd4 6. Bc4 Qd6 7. 0-0 Nf6 8. Nb3 Nc6 9. Nbxd4 Nxd4 10. Nxd4 a6 11. c3 Qc7 12. Be2 Bd6 13. h3 0-0 14. Qc2 b5 15. Bf3 Rb8 16. Rd1 h6 17. a4 Bd7 18. axb5 axb5 19. Ra6 Rb6 20. Rxb6 Qxb6 21. Be3 Qc7 22. Qd3 b4 23. c4 Be7 24. b3 Rd8 25. Qc2 Re8 26. Ra1 Bd6 27. Ne2 Bc5 28. Bxc5 Qxc5 29. Rd1 Qg5 30. Ng3 Bc8 31. Qa2 Bd7 32. Ne4 Nxe4 33. Bxe4 Rd8 34. Qd2 Qa5 35. Bc6 Bxc6 36. Qxd8+ Qxd8 37. Rxd8+ Kh7 38. Rb8 Kg6 39. Rxb4 Kf6 40. Rb6 Ba8 41. c5 Bd5 42. c6 Bxc6 43. Rxc6 Ke7 44. b4 Kd7 45. b5 f6 46. Rc1 Kd6 47. b6 Kd7 48. b7 Ke7 49. b8Q g5 1-0

[Event "EU-ch U10 Girls 23rd"]
[Site "Budva"]
[Date "2013.09.30"]
[Round "2"]
[White "Yuan, Beline"]
[Black "Solozhenkina, Elizaveta"]
[Result "0-1"]
[WhiteElo "1400"]
[BlackElo "1748"]
[PlyCount "114"]
[EventDate "2013.09.29"]
[EventType "swiss"]
[EventRounds "9"]
[EventCountry "MNE"]
[SourceTitle "EXT 2014"]
[Source "ChessBase"]
[SourceDate "2013.11.20"]
[SourceVersion "1"]
[SourceVersionDate "2013.11.20"]
[SourceQuality "1"]

1. d4 Nf6 2. c4 g6 3. Nc3 d5 4. Bg5 Ne4 5. Bf4 Nxc3 6. bxc3 Bg7 7. e3 0-0 8. Nf3 e6 9. Be2 b6 10. cxd5 exd5 11. 0-0 Bb7 12. Rb1 Nd7 13. Qa4 Nf6 14. Rfc1 Ne4 15. h3 c5 16. Ne5 c4 17. Ng4 Qc8 18. Bh6 Bc6 19. Qc2 Bxh6 20. Nxh6+ Kg7 21. Ng4 Bd7 22. f3 Ng3 23. e4 f5 24. Nf2 fxe4 25. fxe4 Qe8 26. e5 Bf5 27. Qd2 Bxb1 28. Rxb1 Rxf2 29. Re1 Rxe2 30. Rxe2 Nxe2+ 31. Qxe2 Qe6 32. Kh2 a5 33. Qb2 Qc6 34. Qa3 Re8 35. Kg1 Re6 36. Kh2 Qd7 37. Qb2 b5 38. Kg1 Qb7 39. a3 Qb6 40. Kh2 Re7 41. h4 Rb7 42. Qd2 h6 43. Kh3 b4 44. axb4 axb4 45. cxb4 Qxb4 46. Qxb4 Rxb4 47. g3 c3 48. g4 c2 49. e6 c1Q 50. e7 Qh1+ 51. Kg3 Rb3+ 52. Kf2 Rf3+ 53. Ke2 Qf1+ 54. Kd2 Rd3+ 55. Kc2 Qd1+ 56. Kb2 Rb3+ 57. Ka2 Qb1# 0-1